| 000 | 00583nam a2200217Ia 4500 | ||
|---|---|---|---|
| 003 | OSt | ||
| 005 | 20220918231729.0 | ||
| 006 | a|||||r|||| 00| 0 | ||
| 007 | ta | ||
| 008 | 220917b |||||||| |||| 00| 0 eng d | ||
| 024 | _a348,554 | ||
| 037 | _cTextual | ||
| 040 |
_aARTS _cARTS _beng |
||
| 041 |
_2eng _aeng |
||
| 082 | _a213.73,d,9Mr, K8 | ||
| 245 | 0 | _aAnnual report of the librarian of congress | |
| 260 |
_aWashington _blibrary of Congress _c1968 |
||
| 650 | _aLIBRARY SCIENCE | ||
| 942 |
_h213.73,d,9Mr, K8 _cTEXL _2CC |
||
| 999 |
_c292169 _d292169 |
||